000 00367nam a2200145Ia 4500
008 240729s9999 xx 000 0 und d
022 _a2054-7102
245 0 _aOpen Health Data
260 _aUnited Kingdom
260 _bUbiquity Press
650 _aMedicine
856 _uhttps://doaj.org/toc/a71e1c37f18141469df53cecf9b7a8d6
942 _2ddc
942 _cDOAJEJ
999 _c72620
_d72620
945 _a1
_bMadushi Gamage
_c1
_dMadushi Gamage